| 000 | 00440cam a2200181ua 4500 | ||
|---|---|---|---|
| 020 | _c1 | ||
| 041 |
_amal _h |
||
| 082 |
_a894.8121 _bNAR/AM |
||
| 100 | _aNarayanan Nair, Pala . | ||
| 245 |
_aAmrutakala / _cPala Narayanan Nair. _hTextual Documents |
||
| 250 |
_a1 / _b. |
||
| 260 |
_a : _bSahitya Pravarthaka Co-operative Society , _c1961. |
||
| 300 | _a67 ; . | ||
| 365 | _a1 | ||
| 504 | _a | ||
| 942 | _cBK | ||
| 999 |
_c4006 _d4006 |
||